<?xml version="1.0" encoding="UTF-8"?><?xml-stylesheet type="text/xsl" href="static/style.xsl"?><OAI-PMH xmlns="http://www.openarchives.org/OAI/2.0/" xmlns:xsi="http://www.w3.org/2001/XMLSchema-instance" xsi:schemaLocation="http://www.openarchives.org/OAI/2.0/ http://www.openarchives.org/OAI/2.0/OAI-PMH.xsd"><responseDate>2026-04-17T03:17:08Z</responseDate><request verb="GetRecord" identifier="oai:www.recercat.cat:2445/228427" metadataPrefix="marc">https://recercat.cat/oai/request</request><GetRecord><record><header><identifier>oai:recercat.cat:2445/228427</identifier><datestamp>2026-04-07T19:13:26Z</datestamp><setSpec>com_2072_1057</setSpec><setSpec>col_2072_478917</setSpec><setSpec>col_2072_478933</setSpec></header><metadata><record xmlns="http://www.loc.gov/MARC21/slim" xmlns:dcterms="http://purl.org/dc/terms/" xmlns:xsi="http://www.w3.org/2001/XMLSchema-instance" xmlns:doc="http://www.lyncode.com/xoai" xsi:schemaLocation="http://www.loc.gov/MARC21/slim http://www.loc.gov/standards/marcxml/schema/MARC21slim.xsd">
   <leader>00925njm 22002777a 4500</leader>
   <datafield ind2=" " ind1=" " tag="042">
      <subfield code="a">dc</subfield>
   </datafield>
   <datafield ind2=" " ind1=" " tag="720">
      <subfield code="a">Marchán Sancho, Vicente</subfield>
      <subfield code="e">author</subfield>
   </datafield>
   <datafield ind2=" " ind1=" " tag="720">
      <subfield code="a">Ashoo, Pezhman</subfield>
      <subfield code="e">author</subfield>
   </datafield>
   <datafield ind2=" " ind1=" " tag="720">
      <subfield code="a">Hernández-García, Alba</subfield>
      <subfield code="e">author</subfield>
   </datafield>
   <datafield ind2=" " ind1=" " tag="720">
      <subfield code="a">Izquierdo García, Eduardo</subfield>
      <subfield code="e">author</subfield>
   </datafield>
   <datafield ind2=" " ind1=" " tag="720">
      <subfield code="a">Santiago, Neus</subfield>
      <subfield code="e">author</subfield>
   </datafield>
   <datafield ind2=" " ind1=" " tag="720">
      <subfield code="a">Mondaray-Marín, Rebeca</subfield>
      <subfield code="e">author</subfield>
   </datafield>
   <datafield ind2=" " ind1=" " tag="720">
      <subfield code="a">Abad-Montero, Diego</subfield>
      <subfield code="e">author</subfield>
   </datafield>
   <datafield ind2=" " ind1=" " tag="720">
      <subfield code="a">Bosch, Marjolein D.</subfield>
      <subfield code="e">author</subfield>
   </datafield>
   <datafield ind2=" " ind1=" " tag="720">
      <subfield code="a">Isidro, Neus</subfield>
      <subfield code="e">author</subfield>
   </datafield>
   <datafield ind2=" " ind1=" " tag="720">
      <subfield code="a">Novikov, Valentin</subfield>
      <subfield code="e">author</subfield>
   </datafield>
   <datafield ind2=" " ind1=" " tag="720">
      <subfield code="a">Rocas, Josep</subfield>
      <subfield code="e">author</subfield>
   </datafield>
   <datafield ind2=" " ind1=" " tag="720">
      <subfield code="a">Santana, María Dolores</subfield>
      <subfield code="e">author</subfield>
   </datafield>
   <datafield ind2=" " ind1=" " tag="720">
      <subfield code="a">Ruiz, José</subfield>
      <subfield code="e">author</subfield>
   </datafield>
   <datafield ind2=" " ind1=" " tag="260">
      <subfield code="c">2026-03-23T15:21:16Z</subfield>
   </datafield>
   <datafield ind2=" " ind1=" " tag="260">
      <subfield code="c">2026-03-23T15:21:16Z</subfield>
   </datafield>
   <datafield ind2=" " ind1=" " tag="260">
      <subfield code="c">2025-12-20</subfield>
   </datafield>
   <datafield ind2=" " ind1=" " tag="260">
      <subfield code="c">2026-03-23T15:21:17Z</subfield>
   </datafield>
   <datafield ind2=" " ind1=" " tag="520">
      <subfield code="a">Ferroptosis, a recently described form of regulated, nonapoptotic cell death mechanism, presents significant potential for cancer treatment, particularly when combined with photodynamic therapy (PDT). In this study, we report the synthesis and biological evaluation of a series of Ir-COUBPY complexes as novel photosensitizers (PSs) for effective cancer phototherapy. These complexes exhibit high stability under both dark and light conditions and are capable of photogenerating Type I and Type II reactive oxygen species (ROS), as well as photo-oxidizing NADH. Electron paramagnetic resonance (EPR) spectroscopy provided direct evidence of light-induced superoxide and singlet oxygen generation, confirming dual ROS pathways. Moreover, the Ir-COUBPY complexes preferentially accumulated in the mitochondria of cancer cells, leading to the photogeneration of hydroxyl radicals and hydrogen peroxide. Photocytotoxicity studies on HeLa and A375 cancer cells underscored the role of the COUBPY ligand in enhancing PDT efficiency upon irradiation with both green and red light. Among the Ir-COUBPY complexes, the most effective PS, Ir4a, was encapsulated in polyurethane−polyurea hybrid nanocapsules (NC-Ir4a), resulting in a significant increase in phototoxic index values (e.g., from 64 to 179.6 in A375 cells). Mechanistic studies confirmed ferroptosis as the primary cell death pathway induced by Ir4a, supported by light-dependent lipid peroxidation, glutathione oxidation and depletion, intracellular ATP photodepletion, and the viability-restoring effect of Fer-1. These effects were more pronounced upon nanoencapsulation. Photobiological studies with 3D tumor spheroids of A375 cells further confirmed higher cellular uptake of NC-Ir4a, contributing to improved phototoxic efficiency. Overall, these findings highlight the potential of coumarin-based COUBPY ligands in the design of new Ir(III)-based PSs that can be activated with light within the phototherapeutic window, operating through nonconventional cell death mechanisms such as ferroptosis.</subfield>
   </datafield>
   <datafield tag="653" ind2=" " ind1=" ">
      <subfield code="a">Cumarines</subfield>
   </datafield>
   <datafield tag="653" ind2=" " ind1=" ">
      <subfield code="a">Coumarins</subfield>
   </datafield>
   <datafield ind2="0" ind1="0" tag="245">
      <subfield code="a">Novel Heteroleptic Iridium(III) Complexes Containing COUBPY Ligands for Effective Photoinduction of Ferroptosis for Cancer Therapy</subfield>
   </datafield>
</record></metadata></record></GetRecord></OAI-PMH>